LEADER 01152nam0 2200289 450 001 000013351 005 20190220093735.0 010 $a88-324-9588-0 100 $a20080620d1992----km-y0itay50------ba 101 0 $aita 102 $aIT 105 $ay-------001yy 200 1 $a<>rilevazioni contabili$edisciplina fiscale, civilistica e penale per la tenuta delle scritture e dei libri aziendali$fCalogero Vinci, Mario Gagliardi$eD. Lgs. 9 aprile 1991, n. 127 di attuazione della IV e VII Direttiva comunitaria$ele modifiche ai regimi di contabilità e alle norme sull'accertamento introdotte dalla legge 30 dicembre 1991, n. 413 205 $a6. ed. 210 $aMilano$cPirola$d1992 215 $aXVIII, 617 p.$d24 cm 225 2 $aContabilità 410 0$12001$aContabilità 610 1 $aLibri contabili$aLegislazione 676 $a346.45$v20$9Diritto privato. Italia 700 1$aVinci,$bCalogero$0107166 701 1$aGagliardi,$bMario$0107167 801 0$aIT$bUNIPARTHENOPE$c20080620$gRICA$2UNIMARC 912 $a000013351 951 $aDEP I-0175$bs.i.$cNAVA4$d20080620 996 $aRilevazioni contabili$9974467 997 $aUNIPARTHENOPE